Ciudadanos, elecciones y poder político /
Sparad:
| Huvudupphovsman: | |
|---|---|
| Övriga upphovsmän: | |
| Materialtyp: | Text |
| Ämnen: | |
| Taggar: |
Lägg till en tagg
Inga taggar, Lägg till första taggen!
|
MARC
| LEADER | 00000 a a2200000 04500 | ||
|---|---|---|---|
| 001 | 17078 | ||
| 003 | |||
| 040 | |||
| 100 | |a Villegas Antillón, Rafael C | ||
| 245 | |a Ciudadanos, elecciones y poder político / |c Rafael C Villegas Antillón | ||
| 650 | |a SOCIEDAD | ||
| 650 | |a ELECCIONES | ||
| 650 | |a PODER POLITICO | ||
| 650 | |a ESTADO | ||
| 650 | |a PARLAMENTO | ||
| 650 | |a DEMOCRACIA | ||
| 700 | |a Gutiérrez Sáenz, Rodrigo |a Gutiérrez, Carlos José |a Cerdas Cruz, Rodolfo |a Masís Iverson, Daniel |a moderador | ||
| 773 | |g volumen 6, número 1; páginas 295-350 | ||
| 999 | |c 26647 |d 26647 | ||
